Números do MAITE(até combustível) - Statistics

Estatísticas Gerais
  • Esse quiz foi jogado 366 vezes
    59 desde o último reset
  • A pontuação média é 30 de 37
Estatísticas das Respostas
Hint Resposta % Correto
Envergadura 11
100%
Altura 3
94%
Comprimento 8,6
94%
Limite de operação do motor de arranque (segundos) 10
88%
Peso Básico 1170
88%
Peso máximo acrobático 1500
88%
Óleo+combustível acrobático 160
88%
Peso máximo utilitário 1700
88%
Qtd de pás 2
88%
Intervalo entre as tentativas 20
88%
Óleo+combustível utilitário 250
88%
Potência RPM 2700
88%
Potência HP 300
88%
Qtd Cilindros 6
88%
Máximo de tentativas 6
88%
Diâmetro da hélice (pol) 82
88%
Distancia bequilha-trem principal 2,33
82%
Diâmetro da hélice cortada (pol) 76
82%
Quantidade nominal tanques principais 106
76%
Capacidade sistema lubrificação (quartos de galão) 12
76%
Passo mínimo 12,5
76%
Passo mínimo hélice cortada 15
76%
Diâmetro da hélice (m) 2,083
76%
Distancia entre as pernas do trem 2,65
76%
Passo máximo 32,4
76%
Distância entre estaqueamentos 3,6
76%
Tempo máximo voo de dorso 5
76%
Capacidade sistema lubrificação (litros) 11,35
71%
Capacidade tanque alimentação 18
71%
Capacidade tominal total 342
71%
Quantidade utilizável tanques auxiliares 60
71%
Quantidade nominal tanques auxiliares 65
71%
Capacidade tanque principal( exc. alimentação) 88
71%
Mínimo de quartos de galões para o voo 9
71%
Quantidade utilizável tanques principais 95
71%
Utilizável total 310
65%
Profundor 3,95
65%
Nenhum quiz correspondente encontrado
Distribuição das Pontuações
Porcentagem de Pessoas com Cada Pontuação
Percentil de Números Respondidos
Sua Pontuação Histórica
Você não jogou esse quiz desde o último reset